01070cam a2200253 i 45000010009000000050017000090080041000260100017000670200018000840350013001020400028001150420008001430500025001510820020001761000058001962450109002543000029003634900043003925040067004355830041005026300059005436500034006027760180006361935107820260701162726.0161025s2017 ilu b 001 0 eng  a 2016046950 a9780830826438 a19351078 aDLCbengcDLCerdadDLC apcc00aBS2545.P68bG75 201700a251.009/0152231 aGriffiths, Jonathanc(Preaching instructor),eauthor.10aPreaching in the New Testament :ban exegetical and biblical-theological study /cJonathan I. Griffiths. axvi, 152 pages ;c21 cm.0 aNew studies in biblical theology ;v42 aIncludes bibliographical references (pages 134-139) and index. aCataloguing:c20260701kmketermketer00aBible.pNew TestamentxCriticism, interpretation, etc. 0aPreachingxBiblical teaching.08iOnline version:aGriffiths, Jonathan (Preaching instructor), author.tPreaching in the New TestamentdDowners Grove : InterVarsity Press, 2017z9780830889723w(DLC) 2016051875